Material matters : (Record no. 8873)
[ view plain ]
| 000 -LEADER | |
|---|---|
| fixed length control field | 02662cam a22007217a 4500 |
| 001 - CONTROL NUMBER | |
| control field | 10572934 |
| 003 - CONTROL NUMBER IDENTIFIER | |
| control field | LIBRIS |
| 005 - DATE AND TIME OF LATEST TRANSACTION | |
| control field | 20260414105350.0 |
| 008 - FIXED-LENGTH DATA ELEMENTS--GENERAL INFORMATION | |
| fixed length control field | 071016s2007 xxka 000 0 eng c |
| 020 ## - INTERNATIONAL STANDARD BOOK NUMBER | |
| International Standard Book Number | 9780415363266 |
| 020 ## - INTERNATIONAL STANDARD BOOK NUMBER | |
| International Standard Book Number | 0415363268 |
| 040 ## - CATALOGING SOURCE | |
| Original cataloging agency | Ta |
| Transcribing agency | n |
| 082 04 - DEWEY DECIMAL CLASSIFICATION NUMBER | |
| Classification number | 720.28 L924 2007 |
| Edition number | 23/swe |
| 084 ## - OTHER CLASSIFICATION NUMBER | |
| Classification number | Ic:d |
| Number source | kssb/7 |
| 084 ## - OTHER CLASSIFICATION NUMBER | |
| Classification number | Ppac |
| Number source | kssb/7 |
| 245 00 - TITLE STATEMENT | |
| Title | Material matters : |
| Remainder of title | architecture and material practice / |
| Statement of responsibility, etc. | edited by Katie Lloyd Thomas |
| 260 ## - PUBLICATION, DISTRIBUTION, ETC. | |
| Place of publication, distribution, etc. | London : |
| Name of publisher, distributor, etc. | Routledge , |
| Date of publication, distribution, etc. | cop. 2007 |
| 300 ## - PHYSICAL DESCRIPTION | |
| Extent | 262 s. : |
| Other physical details | ill. |
| 650 #7 - SUBJECT ADDED ENTRY--TOPICAL TERM | |
| Topical term or geographic name entry element | Arkitekturteori |
| Source of heading or term | sao |
| Authority record control number or standard number | 139858 |
| 650 #7 - SUBJECT ADDED ENTRY--TOPICAL TERM | |
| Topical term or geographic name entry element | Byggnadsmaterial |
| Source of heading or term | sao |
| Authority record control number or standard number | 141888 |
| 650 #0 - SUBJECT ADDED ENTRY--TOPICAL TERM | |
| Topical term or geographic name entry element | Architecture |
| General subdivision | Philosophy |
| 650 #0 - SUBJECT ADDED ENTRY--TOPICAL TERM | |
| Topical term or geographic name entry element | Building materials |
| 653 ## - INDEX TERM--UNCONTROLLED | |
| Uncontrolled term | Arkitekturteori |
| 653 ## - INDEX TERM--UNCONTROLLED | |
| Uncontrolled term | Byggnadsmaterial |
| 653 ## - INDEX TERM--UNCONTROLLED | |
| Uncontrolled term | Material (Arkitektur) |
| 700 1# - ADDED ENTRY--PERSONAL NAME | |
| Personal name | Thomas, Katie Lloyd |
| Relationship | edt |
| 942 ## - ADDED ENTRY ELEMENTS (KOHA) | |
| Source of classification or shelving scheme | Dewey Decimal Classification |
| Koha item type | English Book |
| Suppress in OPAC | No |
| Withdrawn status | Lost status | Source of classification or shelving scheme | Damaged status | Not for loan | Home library | Current library | Date acquired | Total Checkouts | Full call number | Barcode | Date last seen | Price effective from | Koha item type |
|---|---|---|---|---|---|---|---|---|---|---|---|---|---|
| Dewey Decimal Classification | CENTRAL | TUWAIQ | 04/14/2026 | 720.28 L924 2007 | 1000000029181 | 04/14/2026 | 04/14/2026 | English Book |
